Actas del Cabildo de Santiago: Tomo XIX, 1810 a 1814

Saved in:
Bibliografiske detaljer
Institution som forfatter: Cabildo de Santiago (Author)
Format: Bog
Sprog:spansk
Udgivet: Santiago Imprenta Cervantes 1910
Udgivelse:1a. ed
Serier:Colección de Historiadores de Chile y de Documentos relativos a la Historia Nacional, XXXIX
Fag:
Tags: Tilføj Tag
Ingen Tags, Vær først til at tagge denne postø!

MARC

LEADER 00000nam a2200000 a 4500
001 UCJ4455
003 CL-VaPUC
008 070124e19100917CL |||||||||||||||||spa|d
082 0 4 |a 983  |b CAB  |2 21 
110 2 |a Cabildo de Santiago  |e author  |9 508177 
245 1 0 |a Actas del Cabildo de Santiago: Tomo XIX, 1810 a 1814 
250 |a 1a. ed 
300 |a 359 p 
942 |c BK 
945 |d 20070124 00:00:00  |a rinostro 
260 |a Santiago  |b Imprenta Cervantes  |c 1910 
500 |a En la pág. 60 dos láminas plegadas conteniendo copia facsimilar del Acta de la Primera Junta Nacional de Gobierno, de 18 de septiembre de 1810 
600 0 7 |a PRIMERA JUNTA NACIONAL DE GOBIERNO, ACTA  |2 CL-VaPUC  |9 508178 
650 0 |a Historia de Chile  |9 265473 
650 0 |a Administración colonial   |9 508204 
650 0 |a Obras públicas  |9 261125 
650 7 |a DOCUMENTOS  |2 CL-VaPUC  |9 366450 
650 7 |a FUENTES  |2 CL-VaPUC  |9 255666 
651 0 |a Santiago  |9 265444 
583 |a last modification  |c 20070124 00:00:00  |k Rodrigo Vera 
490 0 |a Colección de Historiadores de Chile y de Documentos relativos a la Historia Nacional, XXXIX 
999 |c 320571  |d 320569 
952 |0 0  |1 0  |4 0  |6 983_000000000000000_CAB_1910  |7 0  |8 X  |9 399117  |a FDOBUD  |b FDOBUD  |d 2019-11-22  |i 1000381  |o 983 CAB 1910  |p 1000381  |r 2019-11-22  |w 2019-11-22  |y BK_X  |k BUD